How successful people think : (Record no. 4142)
[ view plain ]
| 000 -LEADER | |
|---|---|
| fixed length control field | 01632cam a2200349 a 4500 |
| 001 - CONTROL NUMBER | |
| JCCL Control Number | 4142 |
| 003 - CONTROL NUMBER IDENTIFIER | |
| JCCL marc code | BD-JhCC |
| 005 - DATE AND TIME OF LATEST TRANSACTION | |
| control field | 20220330134021.0 |
| 008 - FIXED-LENGTH DATA ELEMENTS--GENERAL INFORMATION | |
| fixed length control field | 080707s2009 nyu b 000 0 eng |
| 020 ## - INTERNATIONAL STANDARD BOOK NUMBER | |
| International Standard Book Number | 9781599951683 |
| 020 ## - INTERNATIONAL STANDARD BOOK NUMBER | |
| International Standard Book Number | 1599951681 |
| 035 ## - SYSTEM CONTROL NUMBER | |
| system control number | (BD-JhCC)4142 |
| 040 ## - CATALOGING SOURCE | |
| Original cataloging agency | DLC |
| Transcribing agency | DLC |
| Modifying agency | YDX |
| -- | BTCTA |
| -- | YDXCP |
| -- | UKM |
| -- | CQU |
| -- | GK5 |
| -- | DLC |
| 041 ## - LANGUAGE CODE | |
| Language code of Book | eng |
| 050 00 - LIBRARY OF CONGRESS CALL NUMBER | |
| Classification number | BF637.S8 |
| Item number | M3417 2009 |
| 082 00 - DEWEY DECIMAL CLASSIFICATION NUMBER | |
| Classification number | 158.1 |
| DDC Edition number | 22 |
| Author mark and Year | MAX 1973 |
| 100 1# - MAIN ENTRY--PERSONAL NAME | |
| Personal name | Maxwell, John C., |
| 240 10 - UNIFORM TITLE | |
| Uniform title | Thinking for a change. |
| 245 10 - TITLE STATEMENT | |
| Title | How successful people think : |
| Remainder of title | change your thinking, change your life / |
| Statement of responsibility, etc | John C. Maxwell. |
| 250 ## - EDITION STATEMENT | |
| Edition statement | 1st ed. |
| 260 ## - PUBLICATION, DISTRIBUTION, ETC. (IMPRINT) | |
| Place of publication, distribution, etc | New York : |
| Name of publisher, distributor, etc | Center Street, |
| Date of publication, distribution, etc | c1973. |
| 300 ## - PHYSICAL DESCRIPTION | |
| Pagination | xxi, 127 p. ; |
| Dimensions | 17 cm. |
| 500 ## - GENERAL NOTE | |
| General note | Originally published as: Thinking for a change, 2003. |
| 504 ## - BIBLIOGRAPHY, ETC. NOTE | |
| Bibliography, etc | Includes bibliographical references (p. [125]-127). |
| 505 0# - FORMATTED CONTENTS NOTE | |
| Formatted contents note | Cultivate big-picture thinking -- Engage in focused thinking -- Harness creative thinking -- Employ realistic thinking -- Utilize strategic thinking -- Explore possibility thinking -- Learn from reflective thinking -- Question popular thinking -- Benefit from shared thinking -- Practice unselfish thinking -- Rely on bottom-line thinking. |
| 650 #0 - SUBJECT ADDED ENTRY--TOPICAL TERM | |
| Topical term or geographic name as entry element | Success |
| General subdivision | Psychological aspects. |
| 650 #0 - SUBJECT ADDED ENTRY--TOPICAL TERM | |
| Topical term or geographic name as entry element | Thought and thinking. |
| 856 41 - ELECTRONIC LOCATION AND ACCESS | |
| Materials specified | Table of contents only |
| Uniform Resource Identifier | http://www.loc.gov/catdir/toc/ecip0823/2008029844.html |
| 856 42 - ELECTRONIC LOCATION AND ACCESS | |
| Materials specified | Contributor biographical information |
| Uniform Resource Identifier | http://www.loc.gov/catdir/enhancements/fy0914/2008029844-b.html |
| 856 42 - ELECTRONIC LOCATION AND ACCESS | |
| Materials specified | Publisher description |
| Uniform Resource Identifier | http://www.loc.gov/catdir/enhancements/fy0914/2008029844-d.html |
| 942 ## - ADDED ENTRY ELEMENTS (KOHA) | |
| Source of classification or shelving scheme | Dewey Decimal Classification |
| Koha item type | Books |
| Koha issues (borrowed), all copies | 10 |
| Source of classification or shelving scheme | Damaged status | Not for loan | Home library | Current library | Shelving location | Date of accession | Total Checkouts | Full call number | Barcode | Date last seen | Date checked out | Copy number | Koha item type |
|---|---|---|---|---|---|---|---|---|---|---|---|---|---|
| Dewey Decimal Classification | JCC Rouf Library | JCC Rouf Library | General Stacks | 11/23/2017 | 7 | 158.1 MAX 1973 | 5739 | 08/13/2023 | 08/03/2023 | C- 1 | Books |